00247nam a2200109Ia 4500008004100000100002100041245002100062260001700083650001300100942000700113999001700120190216s9999||||xx |||||||||||||| ||und|| aJainendra Kumari 0a23 Hindikathakal bNbs Kottayam aKathakal cBK c24742d24742